Status Quo and Future Development of Sustainability Reporting in Central and Eastern Europe

Analýza podávania správ o správaní 50 najväčších spoločností v deviatich krajinách strednej a východnej Európy a dvoch krajín SZP. Preskúmanie praxe a rozdielností udržateľnosti v krajinách strednej a východnej Európy.

Na minha lista:
Detalhes bibliográficos
Autor principal: Horváth, Péter
Outros Autores: Pütter, Judith M., Dagilienė, Lina, Dimante, Dzineta, Haldma, Toomas, Kochalski, Cezary, Král, Bohumil, Labaš, Davor, Lääts, Kertu, Bedenik, Nidžara Osmanagić, Pakšiová, Renáta, 1974-, Petera, Petr, Ratajczak, Piotr, Buhovac, Adriana Rejc, Sava, Adriana, Sucală, Voicu-Ion, Tirnitz, Tamás József, Wagner, Jaroslav
Formato: Capítulo de Livro
Idioma:inglês
Assuntos:
Tags: Adicionar Tag
Sem tags, seja o primeiro a adicionar uma tag!

MARC

LEADER 00000naa a2200000 4500
001 0236189
005 20260302102218.7
041 0 |a eng 
044 |a DE 
245 1 0 |a Status Quo and Future Development of Sustainability Reporting in Central and Eastern Europe  |c Péter Horváth, Judith M. Pütter, Lina Dagiliené, Dzineta Dimante, Toomas Haldma, Cezary Kochalski, Bohumil Král, Davor Labaš, Kertu Lääts, Nidžara Osmanagič Bedenik, Renáta Pakšiová, Petr Petera, Piotr Ratajczak, Adriana Rejc Buhovac, Adriana Sava, Voicu-Ion Sucala, Tamás József Tirnitz, Jaroslav Wagner 
520 |a Analýza podávania správ o správaní 50 najväčších spoločností v deviatich krajinách strednej a východnej Európy a dvoch krajín SZP. Preskúmanie praxe a rozdielností udržateľnosti v krajinách strednej a východnej Európy. 
610 2 0 |a reporting 
610 2 0 |a rozvoj trvalo udržateľný 
610 2 0 |a analýza komparatívna 
610 2 0 |a stredná Európa 
610 2 0 |a východná Európa 
610 2 0 |a podnikanie zodpovedné 
610 2 0 |a zodpovednosť spoločenská 
100 1 |a Horváth, Péter 
700 1 |a Pütter, Judith M. 
700 1 |a Dagilienė, Lina 
700 1 |a Dimante, Dzineta 
700 1 |a Haldma, Toomas 
700 1 |a Kochalski, Cezary 
700 1 |a Král, Bohumil 
700 1 |a Labaš, Davor 
700 1 |a Lääts, Kertu 
700 1 |a Bedenik, Nidžara Osmanagić 
700 1 |a Pakšiová, Renáta, 1974- 
700 1 |a Petera, Petr 
700 1 |a Ratajczak, Piotr 
700 1 |a Buhovac, Adriana Rejc 
700 1 |a Sava, Adriana 
700 1 |a Sucală, Voicu-Ion 
700 1 |a Tirnitz, Tamás József 
700 1 |a Wagner, Jaroslav